Gandhi in the twenty first century: Ideas and relevance (Record no. 395738)

MARC details
000 -LEADER
fixed length control field 00599 a2200217 4500
005 - DATE & TIME
control field 20260401111944.0
008 - FIXED-LENGTH DATA ELEMENTS--GENERAL INFORMATION
fixed length control field 260319b |||||||| |||| 00| 0 eng d
020 ## - ISBN
International Standard Book Number 9789819604159
Price Rs. 1895.00
040 ## - CATALOGING SOURCE
Original cataloging agency VIVEKANANDA LIBRARY
082 ## - DDC NUMBER
Classification number 320.01
Book Number B.395G
100 ## - MAIN ENTRY--PERSONAL NAME
Personal name Behera, Anshuman, ed.
245 ## - TITLE STATEMENT
Title Gandhi in the twenty first century: Ideas and relevance
250 ## - EDITION STATEMENT
Edition statement
260 ## - PUBLICATION, DISTRIBUTION, ETC. (IMPRINT)
Name of publisher, distributor, etc Springer Nature
Date of publication, distribution, etc 2025
Place of publication, distribution, etc Singapore
300 ## - PHYSICAL DESCRIPTION
Pages xii, 217
650 ## - Subject
Subject Political Science
650 ## - Subject
Subject Political Philosophy
650 ## - Subject
Subject Political Thoughts
700 ## - Added Entry Personal Name
Added Entry Personal Name Nayak, Shailesh, ed.
942 ## - ADDED ENTRY ELEMENTS (KOHA)
Koha item type Books
Holdings
Withdrawn status Lost status Source of classification or shelving scheme Damaged status Not for loan Location (home branch) Sublocation or collection (holding branch) Date acquired Koha issues (times borrowed) Accession No. Koha date last seen Koha item type
    Dewey Decimal Classification     VIVEKANANDA LIBRARY VIVEKANANDA LIBRARY 22/01/2026   444521 22/01/2026 Books
© Designed and Maintained by Vivekananda Library, MDU Rohtak